[Event "RUS GP Top 28 Rapid (Women)"]
[Site "Khanty-Mansiysk"]
[Date "2022.12.02"]
[Round "8"]
[White "Nasyrova, Ekaterina"]
[Black "Mikheeva, Galina"]
[Result "1-0"]
[WhiteElo "2056"]
[BlackElo "2059"]
[PlyCount "43"]
[EventDate "2022.12.01"]
[EventType "tourn (rapid)"]
[EventRounds "13"]
[EventCountry "RUS"]
[SourceTitle "CBM 211 Extra"]
[Source "ChessBase"]
[SourceDate "2023.01.31"]
[SourceVersion "1"]
[SourceVersionDate "2023.01.31"]
[SourceQuality "1"]

1. d4 Nf6 2. Nf3 d5 3. c4 e6 4. g3 Bb4+ 5. Bd2 Be7 6. Bg2 0-0 7. 0-0 c6 8. b3 Nbd7 9. Qc2 Ne4 10. Rd1 f5 11. Bc1 Bf6 12. Bb2 Qe8 13. Ne1 Qh5 14. Nd3 g5 15. f3 Nd6 16. Nd2 Be7 17. c5 Ne8 18. b4 a6 19. Nf2 Ndf6 20. e4 fxe4 21. fxe4 Qg6 22. Rac1 1-0

[Event "RUS-chT Blitz (Women)"]
[Site "Sochi"]
[Date "2022.10.17"]
[Round "5.5"]
[White "Shuvalova, Polina"]
[Black "Nasyrova, Ekaterina"]
[Result "1/2-1/2"]
[WhiteElo "2492"]
[BlackElo "2056"]
[PlyCount "191"]
[EventDate "2022.10.17"]
[EventType "team-swiss (blitz)"]
[EventRounds "11"]
[EventCountry "RUS"]
[SourceTitle "CBM 210 Extra"]
[Source "ChessBase"]
[SourceDate "2022.11.30"]
[SourceVersion "1"]
[SourceVersionDate "2022.11.30"]
[SourceQuality "1"]
[WhiteTeam "Cheliabinsk Yuzhnyy Ural (W)"]
[BlackTeam "Tatarstan Ladya (W)"]
[WhiteTeamCountry "RUS"]
[BlackTeamCountry "RUS"]

1. d4 d5 2. Nf3 Nf6 3. Bf4 c5 4. e3 e6 5. Nbd2 Nc6 6. c3 Be7 7. Bd3 0-0 8. h4 Re8 9. h5 Bd6 10. h6 g6 11. Bg5 e5 12. dxe5 Nxe5 13. Nxe5 Bxe5 14. Qe2 Bg4 15. Nf3 c4 16. Bc2 Qb6 17. 0-0-0 Ne4 18. Bh4 Qa5 19. Qe1 Bxc3 20. Rd2 Nxd2 21. Nxd2 Bxd2+ 22. Qxd2 Qxd2+ 23. Kxd2 Rac8 24. Kc3 Rc6 25. a4 f6 26. Bg3 Kf7 27. a5 Rce6 28. Bf4 g5 29. Bg3 f5 30. Kd2 f4 31. exf4 gxf4 32. Bxf4 Re2+ 33. Kc3 Rxf2 34. Bg5 Ree2 35. Bxh7 Rxg2 36. Bb1 Rg3+ 37. Kd4 Re8 38. h7 Rh8 39. Bf4 Rh3 40. Rf1 R8xh7 41. Bxh7 Rxh7 42. Bb8+ Ke6 43. Re1+ Kd7 44. Kxd5 Bf3+ 45. Kxc4 Rh4+ 46. Kc3 a6 47. Ba7 Bc6 48. Bb6 Rh3+ 49. Kd4 Rh4+ 50. Kc3 Rh3+ 51. Kb4 Rh4+ 52. Ka3 Rh3+ 53. Kb4 Rh4+ 54. Kc3 Rh3+ 55. Kd2 Rh2+ 56. Kc1 Kd6 57. Be3 Kd5 58. Rd1+ Kc4 59. Rd4+ Kb5 60. Bd2 Rh1+ 61. Kc2 Rh2 62. Kb3 Kc5 63. Bc3 Bd5+ 64. Ka3 Rh3 65. Rf4 Bc6 66. Rf5+ Kd6 67. Rf6+ Kc7 68. Kb4 Rh4+ 69. Kc5 Rh5+ 70. Kd4 Rh4+ 71. Ke5 Re4+ 72. Kf5 Re2 73. Be5+ Kd7 74. Rf7+ Ke8 75. Rg7 Bd7+ 76. Kf4 Rf2+ 77. Ke3 Rc2 78. Bd4 Bc6 79. Kf4 Re2 80. Be5 Re4+ 81. Kf5 Re2 82. Ke6 Rf2 83. Rg8+ Rf8 84. Rg7 Rh8 85. Rc7 Rh6+ 86. Bf6 Bd5+ 87. Kxd5 Rxf6 88. b4 Rf5+ 89. Kc4 Rb5 90. Rc5 Rxc5+ 91. Kxc5 Kd7 92. Kb6 Kc8 93. b5 axb5 94. Kxb5 Kb8 95. a6 bxa6+ 96. Kxa6 1/2-1/2

[Event "Novorossiysk Small Land op"]
[Site "Novorossiysk"]
[Date "2022.07.24"]
[Round "4"]
[White "Nasyrova, Ekaterina"]
[Black "Lintchevski, Daniil"]
[Result "0-1"]
[WhiteElo "2097"]
[BlackElo "2556"]
[PlyCount "116"]
[EventDate "2022.07.21"]
[EventType "swiss"]
[EventRounds "9"]
[EventCountry "RUS"]
[SourceTitle "CBM 209 Extra"]
[Source "ChessBase"]
[SourceDate "2022.09.30"]
[SourceVersion "1"]
[SourceVersionDate "2022.09.30"]
[SourceQuality "1"]

1. d4 Nf6 2. c4 e6 3. Nc3 Bb4 4. e3 0-0 5. Bd2 d5 6. Nf3 b6 7. cxd5 exd5 8. Bd3 Bd6 9. 0-0 Re8 10. Qb1 Nbd7 11. b4 c5 12. e4 cxd4 13. Nb5 Bb8 14. exd5 Bb7 15. Nbxd4 Ne5 16. Bg5 Nxd3 17. Qxd3 Qxd5 18. Bxf6 gxf6 19. Rad1 Be5 20. Qb1 Qe4 21. Qxe4 Bxe4 22. Nxe5 Rxe5 23. Rfe1 Bd5 24. a3 a5 25. f3 axb4 26. axb4 Kf8 27. Rxe5 fxe5 28. Nb5 Bc4 29. Nd6 Be6 30. Rc1 Ke7 31. Ne4 Bd5 32. Rc7+ Kd8 33. Rc2 Bxe4 34. fxe4 Kd7 35. Rd2+ Kc7 36. Rd5 f6 37. Rd1 Kc6 38. Rf1 Rf8 39. Kf2 Kb5 40. Rb1 f5 41. exf5 Rxf5+ 42. Kg3 Kc4 43. Re1 Kxb4 44. Kg4 Rf4+ 45. Kg3 Rf7 46. Rxe5 b5 47. h4 Rb7 48. Kf4 Kc3 49. g4 b4 50. Kg5 Rb6 51. h5 b3 52. Re1 b2 53. Kf5 b1Q+ 54. Rxb1 Rxb1 55. g5 Rh1 56. Kg4 Kd4 57. g6 hxg6 58. hxg6 Ke5 0-1

[Event "Novorossiysk Small Land Rapid op"]
[Site "Novorossiysk"]
[Date "2022.07.19"]
[Round "8"]
[White "Nasyrova, Ekaterina"]
[Black "Gochelashvili, David"]
[Result "0-1"]
[WhiteElo "2097"]
[BlackElo "2324"]
[PlyCount "116"]
[EventDate "2022.07.18"]
[EventType "swiss (rapid)"]
[EventRounds "11"]
[EventCountry "RUS"]
[SourceTitle "EXT 2023"]
[Source "ChessBase"]
[SourceDate "2022.10.05"]
[SourceVersion "1"]
[SourceVersionDate "2022.10.05"]
[SourceQuality "1"]

1. d4 g6 2. Nf3 Nf6 3. Nc3 d5 4. Bf4 Bg7 5. e3 0-0 6. Nb5 Na6 7. h3 c6 8. Nc3 Nc7 9. Be2 Nce8 10. 0-0 Nd6 11. Ne5 Nd7 12. Nd3 Nc4 13. b3 Nd6 14. Na4 Re8 15. Rc1 e5 16. Bh2 Qe7 17. c3 b6 18. Re1 Bb7 19. dxe5 Nxe5 20. Nf4 Rad8 21. Qc2 h5 22. Rcd1 Qg5 23. c4 Nf5 24. c5 b5 25. Nb2 d4 26. e4 d3 27. Nbxd3 Nd4 28. Qb1 Nef3+ 29. Bxf3 Nxf3+ 30. Kh1 Nxe1 31. Rxe1 Bc3 32. Re3 Bd4 33. Rg3 Qh6 34. e5 Bc8 35. Qe1 h4 36. Rf3 Bf5 37. b4 Qh7 38. Ne2 Be4 39. Rf4 g5 40. Rg4 Kh8 41. f3 Bf5 42. Rxd4 Bxd3 43. Rd6 Bxe2 44. Qxe2 Qb1+ 45. Bg1 Qxb4 46. e6 Qf4 47. Bd4+ f6 48. Rxd8 Rxd8 49. e7 Re8 50. Bb2 Qf5 51. Qd2 Kg7 52. Qd8 Kf7 53. Bd4 Qe6 54. Qd6 Rxe7 55. Qb8 Rd7 56. Bg1 Kg6 57. a3 a5 58. Qc7 Kf5 0-1

[Event "Novorossiysk Small Land Blitz"]
[Site "Novorossiysk"]
[Date "2022.07.17"]
[Round "11"]
[White "Nasyrova, Ekaterina"]
[Black "Zakaryan, David"]
[Result "0-1"]
[WhiteElo "2097"]
[BlackElo "2339"]
[PlyCount "102"]
[EventDate "2022.07.17"]
[EventType "swiss (blitz)"]
[EventRounds "13"]
[EventCountry "RUS"]
[SourceTitle "CBM 209 Extra"]
[Source "ChessBase"]
[SourceDate "2022.09.30"]
[SourceVersion "1"]
[SourceVersionDate "2022.09.30"]
[SourceQuality "1"]

1. d4 Nf6 2. c4 g6 3. Nc3 d5 4. cxd5 Nxd5 5. g3 Bg7 6. Bg2 Nb6 7. Nf3 0-0 8. e3 Nc6 9. 0-0 Re8 10. h3 a5 11. Qc2 a4 12. Rd1 Bd7 13. e4 Qc8 14. Kh2 e5 15. d5 Nd4 16. Nxd4 exd4 17. Ne2 c5 18. dxc6 Qxc6 19. Nxd4 Qxc2 20. Nxc2 Bc6 21. f3 a3 22. Rb1 axb2 23. Bxb2 Bxb2 24. Rxb2 Na4 25. Rb3 Red8 26. Rd4 Nc5 27. Rc3 Ne6 28. Rxd8+ Rxd8 29. Ne3 Rd2 30. Rc2 Rd3 31. Nc4 Nd4 32. Ne5 Ra3 33. Rd2 Nb5 34. Nxc6 bxc6 35. f4 c5 36. Rd5 Rc3 37. e5 Nd4 38. Rd8+ Kg7 39. Bd5 Rc2+ 40. Kg1 Rd2 41. Rd7 Ne2+ 42. Kf1 Nc3 43. Rxf7+ Kg8 44. Rd7+ Nxd5 45. e6 Kf8 46. Rf7+ Ke8 47. Rxh7 Rxa2 48. Rg7 c4 49. Ke1 c3 50. Kd1 Ne3+ 51. Kc1 Ra1# 0-1

[Event "RUS-ch U20 Girls"]
[Site "Sochi"]
[Date "2022.04.24"]
[Round "4"]
[White "Goltseva, Ekaterina"]
[Black "Nasyrova, Ekaterina"]
[Result "1-0"]
[WhiteElo "2327"]
[BlackElo "2109"]
[PlyCount "57"]
[EventDate "2022.04.21"]
[EventType "tourn"]
[EventRounds "9"]
[EventCountry "RUS"]
[SourceTitle "CBM 208 Extra"]
[Source "ChessBase"]
[SourceDate "2022.07.31"]
[SourceVersion "1"]
[SourceVersionDate "2022.07.31"]
[SourceQuality "1"]

1. d4 d5 2. c4 e6 3. Nf3 Nf6 4. g3 Bb4+ 5. Bd2 Bd6 6. Bg2 0-0 7. 0-0 Nbd7 8. Qb3 dxc4 9. Qxc4 c5 10. dxc5 Bxc5 11. Nc3 a6 12. Qb3 Qe7 13. Ng5 Rb8 14. Nge4 Bd4 15. Bf4 Nxe4 16. Nxe4 Be5 17. Bd2 b6 18. Bb4 Nc5 19. Qe3 Rd8 20. Nxc5 bxc5 21. Bxc5 Qc7 22. Ba7 Rb5 23. a4 Rb7 24. Rac1 Qe7 25. Bxb7 Qxb7 26. Qxe5 Qxa7 27. Qd6 Re8 28. Rc7 Qb8 29. Qc6 1-0

[Event "RUS-ch U20 Girls"]
[Site "Sochi"]
[Date "2022.04.21"]
[Round "1"]
[White "Nasyrova, Ekaterina"]
[Black "Nur Mukhametova, Alisa"]
[Result "1-0"]
[WhiteElo "2109"]
[BlackElo "2225"]
[PlyCount "91"]
[EventDate "2022.04.21"]
[EventType "tourn"]
[EventRounds "9"]
[EventCountry "RUS"]
[SourceTitle "CBM 208 Extra"]
[Source "ChessBase"]
[SourceDate "2022.07.31"]
[SourceVersion "1"]
[SourceVersionDate "2022.07.31"]
[SourceQuality "1"]

1. d4 Nf6 2. c4 e6 3. Nc3 Bb4 4. e3 0-0 5. Bd2 b6 6. Nf3 Bb7 7. Bd3 d5 8. cxd5 exd5 9. 0-0 a6 10. Ne5 Re8 11. f4 Bd6 12. Rf3 Nbd7 13. Rh3 Nf8 14. g4 c5 15. Be1 Qc7 16. Qf3 cxd4 17. exd4 Ne6 18. g5 Nxd4 19. Qg3 Ne4 20. Qh4 Bxe5 21. Qxh7+ Kf8 22. fxe5 Qc5 23. Kh1 Ne6 24. Qf5 Nxc3 25. bxc3 Qc6 26. Be2 Nc5 27. g6 Qe6 28. Rh8+ Ke7 29. Rxe8+ Rxe8 30. Bh4+ Kd7 31. Qxf7+ Qxf7 32. gxf7 Rf8 33. Bg4+ Ne6 34. Rf1 d4+ 35. Kg1 d3 36. Rf2 Bd5 37. Kf1 b5 38. Ke1 Bc4 39. a3 Bd5 40. Kd2 Bc4 41. Ke3 Bd5 42. Kxd3 Kc6 43. Ke3 Nc5 44. e6 Bxe6 45. Bxe6 Nxe6 46. Be7 1-0

[Event "Titled Tuesday intern op 01st Mar Early"]
[Site "Chess.com INT"]
[Date "2022.03.01"]
[Round "10"]
[White "Nasyrova, Ekaterina"]
[Black "Rudzinska, Michalina"]
[Result "1-0"]
[WhiteElo "2109"]
[BlackElo "2211"]
[PlyCount "161"]
[EventDate "2022.03.01"]
[EventType "swiss (blitz)"]
[EventRounds "11"]
[EventCountry "USA"]
[SourceTitle "CBM 207 Extra"]
[Source "ChessBase"]
[SourceDate "2022.05.31"]
[SourceVersion "1"]
[SourceVersionDate "2022.05.31"]
[SourceQuality "1"]

1. d4 g6 2. c4 Bg7 3. Nc3 d6 4. g3 Nf6 5. Bg2 0-0 6. Nf3 Re8 7. 0-0 Nbd7 8. Re1 e5 9. e4 exd4 10. Nxd4 a5 11. f3 Nc5 12. Be3 c6 13. Qd2 a4 14. b4 axb3 15. axb3 Rxa1 16. Rxa1 Qb6 17. Rb1 Qc7 18. b4 Ne6 19. Nde2 Rd8 20. Qc2 d5 21. exd5 cxd5 22. c5 Qe7 23. Nb5 Nc7 24. Bd4 Nxb5 25. Qd2 Nxd4 26. Nxd4 Nd7 27. Nb5 Ne5 28. Re1 Qf6 29. f4 Nc4 30. Qd3 Bf5 31. Qe2 Qb2 32. Qe7 Qf6 33. Qxb7 d4 34. Bd5 d3 35. Rd1 d2 36. Bxc4 Bc2 37. Nd6 Bxd1 38. Bxf7+ Kh8 39. Bd5 Qd4+ 40. Kg2 h6 41. Nf7+ Kh7 42. Nxd8 Be2 43. Qf7 Qxd5+ 44. Qxd5 d1Q 45. Qxd1 Bxd1 46. Ne6 Bc3 47. b5 Bb3 48. Nc7 Bd4 49. c6 Bc4 50. Kf3 Bb6 51. Na8 Bxb5 52. Nxb6 Bxc6+ 53. Kg4 Kg7 54. Nc4 Bd7+ 55. Kf3 Kf6 56. Ne5 Be6 57. Ke4 g5 58. fxg5+ hxg5 59. Nf3 Bf5+ 60. Ke3 Be6 61. Nd4 Bg4 62. Kf2 Ke5 63. Ke3 Bd7 64. Nf3+ Kf6 65. Ng1 g4 66. Ne2 Kg5 67. Nf4 Bf5 68. Ng2 Bd7 69. Kd4 Be6 70. Ne3 Bc8 71. Ke5 Bd7 72. Nd5 Bf5 73. Nf4 Bd7 74. Ne6+ Kh5 75. Nc5 Bc8 76. Kf4 Kg6 77. Ne4 Bf5 78. Nd6 Be6 79. Ne4 Bc8 80. Nf2 Kh5 81. Nd3 1-0

[Event "Titled Tuesday intern op 25th Jan"]
[Site "Chess.com INT"]
[Date "2022.01.25"]
[Round "3"]
[White "Bodnar, Nikolay"]
[Black "Nasyrova, Ekaterina"]
[Result "1/2-1/2"]
[WhiteElo "2438"]
[BlackElo "2109"]
[PlyCount "120"]
[EventDate "2022.01.25"]
[EventType "swiss (blitz)"]
[EventRounds "11"]
[EventCountry "USA"]
[SourceTitle "CBM 206 Extra"]
[Source "ChessBase"]
[SourceDate "2022.03.31"]
[SourceVersion "1"]
[SourceVersionDate "2022.03.31"]
[SourceQuality "1"]

1. e4 e5 2. Nf3 Nc6 3. Bc4 Bc5 4. c3 Nf6 5. d3 d6 6. 0-0 0-0 7. Re1 Bb6 8. h3 Ne7 9. Bb3 c6 10. d4 Ng6 11. Nbd2 exd4 12. cxd4 d5 13. e5 Nh5 14. Nf1 Nhf4 15. Bxf4 Nxf4 16. Qd2 Ne6 17. Bc2 f5 18. Ng3 f4 19. Nf5 Bd7 20. Nd6 Rb8 21. h4 Be8 22. Bf5 Qe7 23. Bxe6+ Qxe6 24. Ng5 Qg4 25. Nf3 Bd7 26. Qd3 h6 27. Nh2 Qe6 28. h5 Be8 29. Qd1 Ba5 30. Rf1 Bc7 31. Nxe8 Rbxe8 32. Qg4 Bb6 33. Rad1 Qxg4 34. Nxg4 Kf7 35. g3 Ke6 36. Kg2 Rf5 37. Rh1 Ref8 38. Rd3 fxg3 39. fxg3 Bc7 40. Rd2 Bb6 41. Rd3 Rg5 42. Ne3 g6 43. g4 gxh5 44. Rxh5 Rxh5 45. gxh5 Rf4 46. Nc2 Rg4+ 47. Rg3 Rxg3+ 48. Kxg3 Kf5 49. Kf3 a5 50. Ne3+ Ke6 51. Nc2 a4 52. b3 axb3 53. axb3 Ba7 54. Kf4 Bb8 55. Ne3 Ba7 56. Nf5 Bb6 57. Ng7+ Kf7 58. Nf5 Ke6 59. Kg4 Ba7 60. Kf4 Bb6 1/2-1/2

[Event "Titled Tuesday intern op 25th Jan"]
[Site "Chess.com INT"]
[Date "2022.01.25"]
[Round "4"]
[White "Kozin, Yuri"]
[Black "Nasyrova, Ekaterina"]
[Result "0-1"]
[WhiteElo "2251"]
[BlackElo "2109"]
[PlyCount "36"]
[EventDate "2022.01.25"]
[EventType "swiss (blitz)"]
[EventRounds "11"]
[EventCountry "USA"]
[SourceTitle "CBM 206 Extra"]
[Source "ChessBase"]
[SourceDate "2022.03.31"]
[SourceVersion "1"]
[SourceVersionDate "2022.03.31"]
[SourceQuality "1"]

1. e4 e5 2. Nf3 Nc6 3. Bb5 Nf6 4. d3 Bc5 5. 0-0 d6 6. Be3 Bb6 7. h3 0-0 8. Nc3 Ne7 9. Ba4 Ng6 10. Qd2 c6 11. Rad1 d5 12. Bg5 h6 13. Bxf6 Qxf6 14. exd5 Nf4 15. Ne4 Qg6 16. Ng3 Qxg3 17. Ne1 Nxh3+ 18. Kh1 Nxf2+ 0-1

[Event "Titled Tuesday intern op 04th Jan"]
[Site "Chess.com INT"]
[Date "2022.01.04"]
[Round "10"]
[White "Ashiev, Eduard"]
[Black "Nasyrova, Ekaterina"]
[Result "1-0"]
[WhiteElo "2202"]
[BlackElo "2109"]
[PlyCount "77"]
[EventDate "2022.01.04"]
[EventType "swiss (blitz)"]
[EventRounds "11"]
[EventCountry "USA"]
[SourceTitle "EXT 2023"]
[Source "ChessBase"]
[SourceDate "2022.10.05"]
[SourceVersion "1"]
[SourceVersionDate "2022.10.05"]
[SourceQuality "1"]

1. d4 d5 2. c4 e6 3. Nf3 Nf6 4. Nc3 dxc4 5. e3 a6 6. a4 c5 7. Bxc4 Nc6 8. 0-0 Be7 9. Ba2 0-0 10. d5 Nb4 11. dxe6 Bxe6 12. Bxe6 fxe6 13. Qb3 Qc8 14. Qc4 Nfd5 15. e4 Nb6 16. Qe2 c4 17. Be3 Nd7 18. Rad1 Nd3 19. b3 N7e5 20. Nxe5 Nxe5 21. f4 cxb3 22. Bd4 Nc4 23. Qg4 Bf6 24. e5 Be7 25. Ne4 Qc6 26. Qf3 Rad8 27. Bc3 b2 28. Rb1 Bc5+ 29. Kh1 Bd4 30. Bxd4 Rxd4 31. Nd6 Qxf3 32. gxf3 Rdxf4 33. Nxc4 Rxc4 34. Rxb2 Rf7 35. Rb6 Re7 36. Rg1 Rxa4 37. Rd6 b5 38. h4 Kf7 39. Kh2 1-0

[Event "Titled Tuesday intern op 28th Dec"]
[Site "Chess.com INT"]
[Date "2021.12.28"]
[Round "10"]
[White "Agamaliev, Gamil"]
[Black "Nasyrova, Ekaterina"]
[Result "0-1"]
[WhiteElo "2485"]
[BlackElo "2109"]
[PlyCount "50"]
[EventDate "2021.12.28"]
[EventType "swiss (blitz)"]
[EventRounds "11"]
[EventCountry "USA"]
[SourceTitle "CBM 206 Extra"]
[Source "ChessBase"]
[SourceDate "2022.03.31"]
[SourceVersion "1"]
[SourceVersionDate "2022.03.31"]
[SourceQuality "1"]

1. e4 e5 2. Nf3 Nc6 3. Nc3 Nf6 4. a3 d5 5. Bb5 Nxe4 6. Qe2 Nxc3 7. Qxe5+ Qe7 8. dxc3 Bd7 9. Qxe7+ Bxe7 10. Bf4 0-0-0 11. 0-0-0 Bg4 12. Be2 Bf6 13. h3 Bh5 14. Rhe1 Rhe8 15. g4 Bg6 16. Bd3 Bxd3 17. Rxd3 Rxe1+ 18. Nxe1 Ne7 19. g5 Ng6 20. gxf6 Nxf4 21. Rf3 g5 22. h4 h6 23. hxg5 hxg5 24. Nd3 Rd6 25. Rg3 Ne2+ 0-1

[Event "Titled Tuesday intern op 28th Dec"]
[Site "Chess.com INT"]
[Date "2021.12.28"]
[Round "5"]
[White "Nasyrova, Ekaterina"]
[Black "Kim, Sergey2222"]
[Result "0-1"]
[WhiteElo "2109"]
[BlackElo "2295"]
[PlyCount "80"]
[EventDate "2021.12.28"]
[EventType "swiss (blitz)"]
[EventRounds "11"]
[EventCountry "USA"]
[SourceTitle "CBM 206 Extra"]
[Source "ChessBase"]
[SourceDate "2022.03.31"]
[SourceVersion "1"]
[SourceVersionDate "2022.03.31"]
[SourceQuality "1"]

1. d4 Nf6 2. c4 g6 3. g3 Bg7 4. Bg2 0-0 5. Nf3 d6 6. Nc3 Nbd7 7. 0-0 e5 8. e4 exd4 9. Nxd4 Re8 10. Re1 Nc5 11. f3 c6 12. Be3 a5 13. Qd2 a4 14. Rad1 Qa5 15. Bf2 Nfd7 16. Nce2 Ne5 17. Qc2 Qb4 18. b3 axb3 19. Nxb3 Qxc4 20. Qxc4 Nxc4 21. Nxc5 dxc5 22. Bxc5 Rxa2 23. Bf1 Ne5 24. Bg2 Rc2 25. Bd4 c5 26. Bf2 c4 27. Nd4 Ra2 28. Re2 Rxe2 29. Nxe2 Nd3 30. Be3 b5 31. Bf1 b4 32. Nd4 Nb2 33. Rb1 c3 34. Nb5 Be6 35. f4 Rd8 36. e5 Bf8 37. Nd6 f6 38. Bc5 fxe5 39. fxe5 Bh6 40. Bxb4 c2 0-1

[Event "Titled Tuesday intern op 28th Dec"]
[Site "Chess.com INT"]
[Date "2021.12.28"]
[Round "2"]
[White "Sailer, Mike L"]
[Black "Nasyrova, Ekaterina"]
[Result "0-1"]
[WhiteElo "2109"]
[BlackElo "2109"]
[PlyCount "90"]
[EventDate "2021.12.28"]
[EventType "swiss (blitz)"]
[EventRounds "11"]
[EventCountry "USA"]
[SourceTitle "CBM 206 Extra"]
[Source "ChessBase"]
[SourceDate "2022.03.31"]
[SourceVersion "1"]
[SourceVersionDate "2022.03.31"]
[SourceQuality "1"]

1. d4 d5 2. Nf3 Nf6 3. Bf4 c5 4. e3 Nc6 5. Nc3 Bf5 6. Bb5 e6 7. Ne5 Rc8 8. Nxc6 bxc6 9. Ba6 cxd4 10. exd4 Bb4 11. Bxc8 Qxc8 12. 0-0 0-0 13. Na4 Rd8 14. c3 Bf8 15. b4 a5 16. a3 Ne4 17. Qc1 Nd6 18. Bxd6 Bxd6 19. Nc5 e5 20. Qg5 f6 21. Qe3 Re8 22. Rfe1 Bg6 23. Qg3 Qb8 24. Qh3 e4 25. Qd7 Bxh2+ 26. Kh1 Qd6 27. Qxd6 Bxd6 28. Nb7 Bc7 29. bxa5 Ra8 30. Ra2 f5 31. Rb1 f4 32. Rb4 e3 33. fxe3 fxe3 34. Kg1 Bd3 35. Nc5 Bc4 36. Rab2 e2 37. Rxe2 Bxe2 38. Rb7 Bxa5 39. Re7 Bh5 40. Ne6 Bf7 41. Ng5 Bg6 42. Ne6 Re8 43. Rxg7+ Kh8 44. Ra7 Bxc3 45. Nc7 Bxd4+ 0-1

[Event "Titled Tuesday intern op 14th Dec"]
[Site "Chess.com INT"]
[Date "2021.12.14"]
[Round "3"]
[White "Macovei, Andrei"]
[Black "Nasyrova, Ekaterina"]
[Result "1-0"]
[WhiteElo "2454"]
[BlackElo "2109"]
[PlyCount "117"]
[EventDate "2021.12.14"]
[EventType "swiss (blitz)"]
[EventRounds "11"]
[EventCountry "USA"]
[SourceTitle "EXT 2023"]
[Source "ChessBase"]
[SourceDate "2022.10.05"]
[SourceVersion "1"]
[SourceVersionDate "2022.10.05"]
[SourceQuality "1"]

1. e4 e5 2. Nf3 Nc6 3. Bb5 Nf6 4. d3 Bc5 5. c3 0-0 6. 0-0 d6 7. h3 Ne7 8. Re1 Bb6 9. Nbd2 c6 10. Ba4 Ng6 11. d4 exd4 12. cxd4 d5 13. e5 Nh5 14. Nf1 Nhf4 15. Bxf4 Nxf4 16. Qd2 Ne6 17. Ne3 f6 18. exf6 Qxf6 19. Ng4 Qg6 20. Bc2 Qh5 21. Re5 Qf7 22. Bxh7+ Kh8 23. Bf5 Nxd4 24. Nxd4 Bxd4 25. Qxd4 Bxf5 26. Ne3 Be4 27. f3 Bg6 28. Re1 Rae8 29. Ng4 Rxe5 30. Nxe5 Qf6 31. b4 Bh7 32. a3 Kg8 33. Qxa7 Re8 34. Qd4 Bf5 35. Kf2 Be4 36. Nxc6 bxc6 37. Qxf6 gxf6 38. fxe4 dxe4 39. Re3 Kf7 40. Kg3 f5 41. Kf4 Kf6 42. g4 fxg4 43. hxg4 Ra8 44. Kxe4 Kg5 45. Kd4 Kxg4 46. Kc5 Ra6 47. Re6 Rxa3 48. Kxc6 Kf5 49. Re8 Kf6 50. b5 Rc3+ 51. Kb7 Kf7 52. Re1 Rb3 53. b6 Rb2 54. Kc7 Rc2+ 55. Kb8 Rb2 56. b7 Rb3 57. Re5 Kf6 58. Ra5 Ke7 59. Ka7 1-0